| 000 | 00587nam a2200193 a 4500 | ||
|---|---|---|---|
| 001 | 000018785 | ||
| 005 | 20200929165846.0 | ||
| 008 | 100518s1972 sp a r 000 f spa d | ||
| 040 |
_aDO-SdBNP _bspa _cBNPHU |
||
| 082 |
_a843.914 _bL835m |
||
| 100 | 1 |
_aLoiseau, Y. M. _940513 |
|
| 245 | 1 | 3 |
_aEl muro del frio / _cY. M. Loiseau ; traducción L. García Corella. |
| 260 |
_aBilbao, España : _bFher, _c1972. |
||
| 300 |
_a251 p. : _bil. ; _c22 cm. |
||
| 650 | 4 |
_aNovela francesa _91075 |
|
| 650 | 4 |
_aLiteratura francesa _91074 |
|
| 700 | 1 |
_aGarcía Corella, L., _etr. _940514 |
|
| 049 | _aBNGR | ||
| 999 |
_c18305 _d18305 |
||